Corpus linguistics and world englishes. An analysis of xhosa english

Salvato in:
Dettagli Bibliografici
Autore principale: Klerk, Vivian de (Autore)
Natura: Libro
Lingua:inglese
Pubblicazione: Londres Continuum 2006
Serie:Research in Corpus and Discourse
Soggetti:
Tags: Aggiungi Tag
Nessun Tag, puoi essere il primo ad aggiungerne!!

MARC

LEADER 00000nam a2200000 a 4500
001 UCI1938
003 CL-VaPUC
008 070727e20060000UK |||||||||||||||||eng|d
020 |a 0826488412 
082 0 4 |a 410  |b KLE  |2 21 
100 0 |a Klerk, Vivian de  |e author  |9 522758 
245 1 0 |a Corpus linguistics and world englishes. An analysis of xhosa english 
300 |a 247 p 
942 |c BK 
945 |d 20070727 00:00:00  |a rbrito 
260 |a Londres  |b Continuum  |c 2006 
650 0 |a Lingüística  |9 265068 
650 0 |a Sociolingüística  |9 263716 
583 |a last modification  |c 20070727 00:00:00  |k Rodrigo Vera 
490 0 |a Research in Corpus and Discourse 
999 |c 326625  |d 326623 
952 |0 0  |1 0  |4 0  |6 410_000000000000000_KLE_2006  |7 0  |8 A  |9 408650  |a FDOPOS  |b FDOPOS  |d 2019-11-22  |i 435933K  |o 410 KLE 2006  |p 435933K  |r 2025-01-22  |w 2019-11-22  |y BK  |k MLA